[Event "FB23 1920 SC Rochade Zeulenroda - FC Ba"]
[Site "?"]
[Date "2019.09.14"]
[Round "1.1"]
[White "Khrapko, Marharyta"]
[Black "Mucha, Annegret"]
[Result "0-1"]
[WhiteElo "2060"]
[BlackElo "2036"]
[PlyCount "130"]
[EventDate "2019.??.??"]

1. e4 c5 2. Nf3 d6 3. d4 cxd4 4. Nxd4 Nf6 5. Nc3 a6 6. Be2 e5 7. Nf3 Be7 8. Bg5
Be6 9. Bxf6 Bxf6 10. O-O O-O 11. a4 Nc6 12. Nd5 Be7 13. Ne3 Rc8 14. Ra3 Na5 15.
Rd3 Nc4 16. Nxc4 Bxc4 17. Rd2 Qb6 18. b3 Be6 19. c4 f5 20. exf5 Bxf5 21. Ne1
Rcd8 22. Kh1 Bg5 23. Rb2 Be6 24. Nf3 Bf6 25. Rd2 Kh8 26. Kg1 Bf5 27. Re1 Bg6
28. Bd3 e4 29. Bxe4 Bc3 30. Bxg6 Bxd2 31. Qxd2 hxg6 32. Ng5 Rf5 33. g4 Rf6 34.
Re3 d5 35. cxd5 Kg8 36. Qd3 Qc5 37. Ne6 Qc1+ 38. Kg2 Rd6 39. Ng5 Rd8 40. Re5
Qb2 41. Re2 Qc1 42. Ne6 Re8 43. Qd4 Re7 44. h4 Qc8 45. Qd3 Ref7 46. f4 Rxf4 47.
Qxg6 R4f6 48. Qd3 Qd7 49. Qc4 Rf4 50. Qd3 Rxg4+ 51. Kh3 Rgf4 52. Re3 R4f5 53.
d6 R5f6 54. Qd4 Rf4 55. Qc4 Qxd6 56. Ng5 Qd7+ 57. Kg2 Qd2+ 58. Re2 Rf2+ 59.
Rxf2 Qxf2+ 60. Kh3 Qf1+ 61. Qxf1 Rxf1 62. Ne6 Rf3+ 63. Kg4 Rxb3 64. Nc5 Rb4+
65. Kg3 Kf7 {Weiß gab auf} 0-1

[Event "FB23 1920 SC Rochade Zeulenroda - FC Ba"]
[Site "?"]
[Date "2019.09.14"]
[Round "1.2"]
[White "Skibbe, Diana"]
[Black "Santeramo, Alessia"]
[Result "0-1"]
[WhiteElo "1986"]
[BlackElo "2118"]
[PlyCount "134"]
[EventDate "2019.??.??"]

1. e4 e5 2. f4 d5 3. Nf3 exf4 4. exd5 Nf6 5. Bc4 Nxd5 6. Bxd5 Qxd5 7. Nc3 Qd8
8. d4 Be7 9. O-O O-O 10. Bxf4 c6 11. Ne4 Nd7 12. c3 Nf6 13. Nxf6+ Bxf6 14. Be5
Be7 15. Qb3 b5 16. a4 Be6 17. Qc2 a6 18. b3 Qd5 19. Nd2 f6 20. Bg3 b4 21. c4
Qxd4+ 22. Bf2 Qg4 23. h3 Bf5 24. hxg4 Bxc2 25. Rac1 Bg6 26. Rfe1 Bd6 27. Ne4
Bf4 28. Rcd1 Rfe8 29. Nc5 Rxe1+ 30. Rxe1 Be8 31. Rd1 h5 32. gxh5 Bxh5 33. Rd7
Bg4 34. Rd2 a5 35. Nb7 Bc7 36. Rd4 Bf5 37. g4 Bc2 38. Rd7 Rc8 39. Nc5 Bb6 40.
Ne6 Bxf2+ 41. Kxf2 Bxb3 42. Rxg7+ Kh8 43. Ra7 Bxc4 44. Nf4 Rg8 45. Kf3 b3 46.
Rb7 Rg7 47. Rb8+ Kh7 48. Nh5 Rf7 49. Kf4 Kg6 50. Rg8+ Kh6 51. Rh8+ Rh7 52. Rf8
Rc7 53. Rxf6+ Kh7 54. Kg5 b2 55. Rh6+ Kg8 56. Nf6+ Kf8 57. Rh8+ Kf7 58. Rh7+
Kf8 59. Rxc7 b1=Q 60. Rd7 Qc1+ 61. Kf5 Qf1+ 62. Kg5 Bd3 63. Rd8+ Kf7 64. Nh5
Qc1+ 65. Nf4 Be4 66. Rd7+ Ke8 67. Rg7 c5 {Weiß gab auf} 0-1

[Event "FB23 1920 SC Rochade Zeulenroda - FC Ba"]
[Site "?"]
[Date "2019.09.14"]
[Round "1.3"]
[White "Vidonyak, Nellya"]
[Black "Schott, Maria"]
[Result "1-0"]
[WhiteElo "2133"]
[BlackElo "1851"]
[PlyCount "137"]
[EventDate "2019.??.??"]

1. Nf3 Nf6 2. b3 b6 3. g3 Bb7 4. Bg2 e6 5. Bb2 Be7 6. O-O O-O 7. c4 c5 8. d3 d5
9. cxd5 Nxd5 10. Nbd2 Bf6 11. Bxf6 Nxf6 12. Rc1 Nc6 13. Ne5 Qc7 14. Nxc6 Bxc6
15. Bxc6 Qxc6 16. b4 Qd5 17. bxc5 bxc5 18. Rc4 Rfb8 19. Nb3 Nd7 20. Qc2 Rb4 21.
Rc1 Rxc4 22. Qxc4 Qxc4 23. Rxc4 Rb8 24. Nxc5 Nxc5 25. Rxc5 Kf8 26. Rc7 a6 27.
Ra7 Rb2 28. Rxa6 Rxe2 29. Kg2 Rd2 30. Ra3 Ke7 31. Kf3 Kf6 32. Ke3 Rb2 33. Ra7
Rb1 34. a4 Re1+ 35. Kf3 Rd1 36. Rd7 Ra1 37. Ra7 Rd1 38. Ke2 Ra1 39. h3 Rh1 40.
h4 Ra1 41. g4 Rh1 42. h5 g6 43. Ra5 gxh5 44. Rxh5 Ra1 45. Ra5 Rg1 46. f3 Ra1
47. Ra7 Ra2+ 48. Ke3 Ra1 49. a5 Re1+ 50. Kd2 Rf1 51. Ke2 Ra1 52. a6 h6 53. d4
Kg6 54. Ra8 Kg5 55. Ke3 Ra3+ 56. Ke4 Ra5 57. Ke3 Ra3+ 58. Ke4 Ra5 59. d5 exd5+
60. Ke5 d4+ 61. Ke4 Ra4 62. a7 Kh4 63. g5 h5 64. f4 Kg4 65. f5 d3+ 66. Kxd3
Kxf5 67. g6 Kf6 68. gxf7 Kxf7 69. Rh8 {ZÜ durch Schwarz} 1-0

[Event "FB23 1920 SC Rochade Zeulenroda - FC Ba"]
[Site "?"]
[Date "2019.09.14"]
[Round "1.4"]
[White "Wagner, Margarethe"]
[Black "Dirmeier, Carolin"]
[Result "0-1"]
[WhiteElo "1749"]
[BlackElo "1946"]
[PlyCount "78"]
[EventDate "2019.??.??"]

1. e4 c5 2. Nf3 Nc6 3. d4 cxd4 4. Nxd4 Nf6 5. Nc3 e5 6. Ndb5 d6 7. Bg5 a6 8.
Na3 b5 9. Nd5 Be7 10. Bxf6 Bxf6 11. c3 O-O 12. Nc2 Bg5 13. Bd3 Be6 14. Nce3 Ne7
15. O-O Rb8 16. Bc2 g6 17. Qd3 Bxe3 18. Nxe3 d5 19. Rad1 dxe4 20. Qxe4 Qc7 21.
Ng4 f6 22. a3 Nc6 23. Ne3 Ne7 24. Ng4 Kg7 25. Ne3 Rbd8 26. f4 Rxd1 27. Bxd1 Qc5
28. Kh1 Nc6 29. Bf3 Ne7 30. fxe5 fxe5 31. Qb7 Bc8 32. Qe4 Rf4 33. Qd3 e4 34. b4
Qb6 35. Qd2 exf3 36. gxf3 Rf7 37. c4 Bb7 38. c5 Qf6 39. Kg1 Qg5+ {Weiß gab auf
} 0-1

[Event "FB23 1920 SC Rochade Zeulenroda - FC Ba"]
[Site "?"]
[Date "2019.09.14"]
[Round "1.5"]
[White "Butenandt, Svenja"]
[Black "Jacke, Corinna"]
[Result "1/2-1/2"]
[WhiteElo "1807"]
[BlackElo "1961"]
[PlyCount "54"]
[EventDate "2019.??.??"]

1. d4 e6 2. c4 f5 3. Nf3 Nf6 4. g3 b6 5. Bg2 Bb7 6. O-O a5 7. Nc3 Bb4 8. Nb1
O-O 9. a3 Bd6 10. Nc3 Qe8 11. Re1 Qh5 12. Qc2 h6 13. Nd2 Bxg2 14. Kxg2 Nc6 15.
Nf3 g5 16. Nb5 Ne4 17. Nxd6 cxd6 18. Be3 Rab8 19. Rab1 b5 20. b3 d5 21. cxd5
exd5 22. h3 f4 23. g4 Qf7 24. Bc1 Qf6 25. Bb2 Rfc8 26. Qd3 d6 27. Rbc1 Qe6 {(=)
} 1/2-1/2

[Event "FB23 1920 SC Rochade Zeulenroda - FC Ba"]
[Site "?"]
[Date "2019.09.14"]
[Round "1.6"]
[White "Dietrich, Mareike"]
[Black "Spiel, Marianne"]
[Result "1-0"]
[WhiteElo "1724"]
[BlackElo "1880"]
[PlyCount "47"]
[EventDate "2019.??.??"]

1. e4 e6 2. d4 d5 3. Nd2 Nf6 4. e5 Nfd7 5. Bd3 c5 6. c3 Nc6 7. Ne2 cxd4 8. cxd4
f6 9. exf6 Nxf6 10. O-O Bd6 11. Nf3 O-O 12. Bf4 Ng4 13. Qd2 e5 14. dxe5 Ncxe5
15. Nxe5 Nxe5 16. Bc2 Be6 17. Nd4 Nc4 18. Qd3 Qf6 19. Qxh7+ Kf7 20. Qh5+ Ke7
21. Bg5 Rh8 22. Bxf6+ gxf6 23. Bh7 Bg8 24. Rfe1+ {Schwarz gab auf} 1-0

[Event "FB23 1920 Kisschess - SC Bavaria Regens"]
[Site "?"]
[Date "2019.09.14"]
[Round "1.1"]
[White "Leuchsenring, Christina"]
[Black "Sukandar, Irine Kharisma"]
[Result "0-1"]
[WhiteElo "1926"]
[BlackElo "2397"]
[PlyCount "62"]
[EventDate "2019.??.??"]

1. e4 c5 2. c3 Nf6 3. e5 Nd5 4. d4 cxd4 5. cxd4 e6 6. Nf3 Nc6 7. Bc4 d6 8. O-O
Be7 9. Bxd5 exd5 10. Nc3 dxe5 11. Nxe5 O-O 12. Re1 Be6 13. Be3 Nxe5 14. dxe5
Qa5 15. Bd4 Rac8 16. Qd3 Rc4 17. a3 Rfc8 18. Ne2 Qd8 19. Red1 b6 20. h3 Qd7 21.
Qd2 h6 22. Bc3 Bg5 23. Qe1 Re4 24. f3 Rec4 25. Rd4 Be3+ 26. Kh1 Bxd4 27. Nxd4
b5 28. g4 a5 29. Nxe6 fxe6 30. Bxa5 Qf7 31. Qe2 Rc2 {Weiß gab auf} 0-1

[Event "FB23 1920 Kisschess - SC Bavaria Regens"]
[Site "?"]
[Date "2019.09.14"]
[Round "1.2"]
[White "Kiolbasa, Oliwia"]
[Black "Horther-Schneider, Elsbeth"]
[Result "1-0"]
[WhiteElo "2246"]
[BlackElo "1836"]
[PlyCount "97"]
[EventDate "2019.??.??"]

1. e4 e6 2. d4 d5 3. Nc3 dxe4 4. Nxe4 Nf6 5. Nxf6+ Qxf6 6. Nf3 h6 7. Bd3 Bd6 8.
Qe2 O-O 9. h4 Qd8 10. Bd2 c5 11. dxc5 Bxc5 12. O-O-O Qb6 13. Ne5 Nc6 14. Nxc6
bxc6 15. Bc3 Bxf2 16. Kb1 Qe3 17. Qh5 e5 18. Qxe5 Qxe5 19. Bxe5 Be6 20. b3 Bd5
21. c4 Be6 22. Be4 Rac8 23. Bf3 Rfe8 24. Bd4 Bxd4 25. Rxd4 Bf5+ 26. Kb2 c5 27.
Rf4 Be6 28. Re1 Red8 29. Kc3 Rd6 30. Rd1 Rxd1 31. Bxd1 Rd8 32. Bf3 Kf8 33. Re4
Rd7 34. Re5 Rc7 35. Bd5 Bg4 36. b4 cxb4+ 37. Kxb4 f6 38. Re1 Bd7 39. c5 a5+ 40.
Kc4 Rc8 41. Rb1 Ke7 42. Rb6 Kd8 43. c6 Bg4 44. Kc5 a4 45. Kd6 g5 46. hxg5 fxg5
47. Rb7 Ke8 48. c7 h5 49. Rb8 {Schwarz gab auf} 1-0

[Event "FB23 1920 Kisschess - SC Bavaria Regens"]
[Site "?"]
[Date "2019.09.14"]
[Round "1.3"]
[White "Hausmann, Sarah"]
[Black "Radeva, Viktoria"]
[Result "0-1"]
[WhiteElo "1638"]
[BlackElo "2257"]
[PlyCount "64"]
[EventDate "2019.??.??"]

1. d4 d5 2. Nf3 Nf6 3. Bf4 e6 4. e3 Bd6 5. Bg3 O-O 6. Nbd2 c5 7. c3 Qc7 8. Bd3
Nbd7 9. Bxd6 Qxd6 10. O-O e5 11. dxe5 Nxe5 12. Nxe5 Qxe5 13. Re1 Bg4 14. Be2
Bf5 15. Qb3 Qc7 16. Nf3 h6 17. Rac1 Qe7 18. c4 Be4 19. Qc3 dxc4 20. Qxc4 b6 21.
Nd2 Bd5 22. Qa4 Rad8 23. Red1 Rd7 24. Bb5 Rd6 25. Nf1 Rfd8 26. Ng3 Qe5 27. b3
h5 28. h3 g6 29. Ne2 Ne4 30. Nf4 Nc3 31. Rxd5 Rxd5 32. Qc4 Rd1+ {Weiß gab auf}
0-1

[Event "FB23 1920 Kisschess - SC Bavaria Regens"]
[Site "?"]
[Date "2019.09.14"]
[Round "1.4"]
[White "Gaboyan, Susanna"]
[Black "Pavlov, Liliane"]
[Result "1-0"]
[WhiteElo "2206"]
[BlackElo "1629"]
[PlyCount "81"]
[EventDate "2019.??.??"]

1. Nf3 c5 2. g3 d5 3. Bg2 Nc6 4. d4 cxd4 5. Nxd4 e5 6. Nxc6 bxc6 7. c4 Bb4+ 8.
Bd2 Bxd2+ 9. Qxd2 Ne7 10. O-O Be6 11. cxd5 cxd5 12. Nc3 Rb8 13. Qg5 Nf5 14.
Qxd8+ Rxd8 15. Rfd1 e4 16. Nb5 Rd7 17. Rac1 Ke7 18. Rc5 Nd6 19. Nc3 Nb7 20. Rb5
Rhd8 21. f3 f5 22. Rd4 Nd6 23. Rc5 Nb7 24. Rc6 Rd6 25. Rxd6 Rxd6 26. b4 Rd7 27.
Kf2 a6 28. a4 a5 29. Nb5 axb4 30. Rxb4 Nd6 31. Nd4 Bf7 32. a5 Kf6 33. a6 Nc4
34. Nc6 e3+ 35. Kg1 Rc7 36. a7 Rc8 37. Rb8 Rxc6 38. a8=Q Ne5 39. f4 Rc1+ 40.
Bf1 Nc6 41. Rb6 {Schwarz gab auf} 1-0

[Event "FB23 1920 Kisschess - SC Bavaria Regens"]
[Site "?"]
[Date "2019.09.14"]
[Round "1.5"]
[White "Oberhofer, Marie"]
[Black "Mehling, Katharina"]
[Result "0-1"]
[WhiteElo "1686"]
[BlackElo "1978"]
[PlyCount "56"]
[EventDate "2019.??.??"]

1. e4 e6 2. d4 d5 3. e5 c5 4. c3 Nc6 5. Nf3 Bd7 6. a3 c4 7. Nbd2 Na5 8. b3 cxb3
9. Bd3 Rc8 10. Bb2 Ba4 11. Qe2 a6 12. c4 dxc4 13. Nxc4 Nxc4 14. Bxc4 Ne7 15.
O-O Nd5 16. Nd2 Be7 17. f4 Nb6 18. Bd3 g6 19. Qf3 Bc6 20. Qe2 Bd5 21. Rac1 O-O
22. Be4 Qd7 23. Bxd5 Qxd5 24. Ne4 Na4 25. Rfe1 Rxc1 26. Bxc1 Rc8 27. Nf6+ Bxf6
28. exf6 Qxd4+ {Weiß gab auf} 0-1

[Event "FB23 1920 SK 1980 Gernsheim - SG Augsbu"]
[Site "?"]
[Date "2019.09.14"]
[Round "1.1"]
[White "Jussupow, Nadejda"]
[Black "Lukas, Anne"]
[Result "1/2-1/2"]
[WhiteElo "2168"]
[BlackElo "1820"]
[PlyCount "150"]
[EventDate "2019.??.??"]

1. e4 c5 2. Nf3 g6 3. d3 Bg7 4. g3 Nc6 5. Bg2 e6 6. O-O Nge7 7. c3 O-O 8. Be3
d6 9. Na3 Rb8 10. d4 cxd4 11. cxd4 d5 12. e5 b5 13. Nc2 b4 14. Qc1 b3 15. axb3
Rxb3 16. Ra3 Qb6 17. Rxb3 Qxb3 18. Na1 Qb6 19. Qc3 Ba6 20. Rc1 Rb8 21. b3 Na5
22. Qc7 Nec6 23. Qxb6 Rxb6 24. Bd2 Bf8 25. Bf1 Bxf1 26. Kxf1 Ba3 27. Rc2 Bb4
28. Ke2 Bxd2 29. Kxd2 Nxb3+ 30. Nxb3 Rxb3 31. Rc3 Rb6 32. Ke3 a5 33. Ne1 a4 34.
Nd3 Nb4 35. h4 Nxd3 36. Kxd3 h5 37. Rc8+ Kg7 38. Ra8 Rb3+ 39. Ke2 a3 40. Kd2
Rb2+ 41. Ke3 a2 42. Kf3 g5 43. hxg5 Kg6 44. Ke3 Kxg5 45. f3 Rg2 46. Ra7 f6 47.
exf6 Kxf6 48. Ra6 Ke7 49. Kf4 Re2 50. Kg5 Rf2 51. f4 Rg2 52. Ra7+ Kd6 53. Kxh5
Rxg3 54. Rxa2 Ke7 55. Kh4 Rg1 56. Ra8 Rd1 57. Ra4 Kf6 58. Kg4 Rg1+ 59. Kf3 Rd1
60. Ke2 Rc1 61. Kd2 Rh1 62. Ra8 Rh6 63. Rf8+ Kg7 64. Rd8 Kg6 65. Rf8 Rh7 66.
Ke3 Ra7 67. Kd3 Ra3+ 68. Ke2 Rb3 69. Kd2 Kg7 70. Re8 Kf7 71. Rh8 Rf3 72. Rh4
Kg6 73. Ke2 Ra3 74. Rh8 Kf5 75. Re8 Rb3 1/2-1/2

[Event "FB23 1920 SK 1980 Gernsheim - SG Augsbu"]
[Site "?"]
[Date "2019.09.14"]
[Round "1.2"]
[White "Ries, Jutta"]
[Black "Amelang, Astrid"]
[Result "1-0"]
[WhiteElo "1986"]
[BlackElo "2072"]
[PlyCount "93"]
[EventDate "2019.??.??"]

1. f4 d5 2. Nf3 Nf6 3. b3 g6 4. Bb2 Bg7 5. e3 O-O 6. Be2 c5 7. O-O Nc6 8. Ne5
Nd7 9. Nxc6 bxc6 10. Bxg7 Kxg7 11. Qe1 e6 12. Nc3 f5 13. Na4 Qe7 14. Qg3 Nb6
15. Nb2 c4 16. Rfb1 Qc5 17. bxc4 dxc4 18. d4 Qd5 19. Bf3 Qd6 20. Qe1 a5 21. a3
Ba6 22. Qxa5 Nd5 23. Bxd5 exd5 24. Nd1 Bb5 25. Qb4 Qxb4 26. axb4 Rfe8 27. Kf2
Kf6 28. Nc3 Ke6 29. h3 Rf8 30. Ra5 Rxa5 31. bxa5 Rb8 32. Na4 Ra8 33. Nc5+ Kd6
34. c3 Kc7 35. Ra1 Ba6 36. Ne6+ Kd6 37. Ng5 Ra7 38. Nf3 c5 39. Ne5 Bc8 40. g4
Ba6 41. gxf5 gxf5 42. Rb1 Rb7 43. Rb6+ Rxb6 44. axb6 cxd4 45. exd4 Ke6 46. Kg3
Kf6 47. Nd7+ 1-0

[Event "FB23 1920 SK 1980 Gernsheim - SG Augsbu"]
[Site "?"]
[Date "2019.09.14"]
[Round "1.3"]
[White "Nentwig, Nicole"]
[Black "Tampe, Friederike"]
[Result "1-0"]
[WhiteElo "1862"]
[BlackElo "1577"]
[PlyCount "93"]
[EventDate "2019.??.??"]

1. e4 e5 2. Nf3 Nc6 3. Bc4 Bc5 4. c3 Nf6 5. d3 d6 6. b4 Bb6 7. Qb3 O-O 8. Bg5
a5 9. b5 a4 10. Qc2 Nb8 11. Nbd2 Be6 12. O-O Nbd7 13. d4 exd4 14. cxd4 Qe8 15.
Bd3 h6 16. Be3 Bg4 17. Nh4 Qd8 18. h3 Bh5 19. Ndf3 Re8 20. Kh1 Nf8 21. Rg1 Kh8
22. Nf5 Bg6 23. g4 Ne6 24. Qd2 d5 25. e5 Ne4 26. Bxe4 dxe4 27. N3h4 Bh7 28. g5
hxg5 29. Bxg5 Nxg5 30. Rxg5 Rg8 31. Rag1 g6 32. Nh6 Rf8 33. Rd1 Bxd4 34. Qf4
Bxe5 35. Qxe5+ f6 36. Qa1 Qc8 37. Rg3 Qe6 38. a3 Qb6 39. Qb2 Rae8 40. Ng4 g5
41. Ng2 Kg7 42. N4e3 Kg6 43. Nf4+ Kg7 44. Rxg5+ Kh8 45. Rdg1 Rf7 46. Rh5 Rg8
47. Ng6+ 1-0

[Event "FB23 1920 SK 1980 Gernsheim - SG Augsbu"]
[Site "?"]
[Date "2019.09.14"]
[Round "1.6"]
[White "Le, Mai Linh Lisa"]
[Black "Muench, Ursula"]
[Result "0-1"]
[WhiteElo "1545"]
[BlackElo "1787"]
[PlyCount "82"]
[EventDate "2019.??.??"]

1. d4 Nf6 2. c4 g6 3. Nf3 Bg7 4. Nc3 O-O 5. Bf4 d6 6. e3 Nbd7 7. Be2 Nh5 8. O-O
Nxf4 9. exf4 e5 10. fxe5 dxe5 11. dxe5 Nxe5 12. Qc2 Bf5 13. Qb3 Qc8 14. Rad1
Nxf3+ 15. Bxf3 c6 16. Rfe1 Qc7 17. Qa3 Qf4 18. Ne4 Be5 19. g3 Qh6 20. b3 Qg7
21. Nd6 Bc2 22. Rc1 Bb2 23. Qc5 Bxc1 24. Rxc1 Qb2 25. Re1 Qf6 26. Bg2 Rab8 27.
Qb4 a5 28. Qd2 Rbd8 29. c5 Bf5 30. a3 b6 31. b4 axb4 32. axb4 bxc5 33. bxc5 Rb8
34. Ne4 Bxe4 35. Rxe4 Rfd8 36. Qe3 Rd1+ 37. Bf1 Rbb1 38. Rf4 Rxf1+ 39. Kg2 Qe6
40. Re4 Rg1+ 41. Kf3 Qd5 0-1

[Event "FB23 1920 SK Freiburg-Zähringen - SV S"]
[Site "?"]
[Date "2019.09.14"]
[Round "1.1"]
[White "Siegl, Melina"]
[Black "Hund, Barbara"]
[Result "1/2-1/2"]
[WhiteElo "2018"]
[BlackElo "2088"]
[PlyCount "33"]
[EventDate "2019.??.??"]

1. e4 e5 2. Nf3 Nc6 3. Bc4 Nf6 4. d3 Be7 5. c3 d6 6. Bb3 O-O 7. Nbd2 Be6 8. Bc2
h6 9. h3 d5 10. Qe2 dxe4 11. dxe4 a6 12. Nc4 Bxc4 13. Qxc4 Nh7 14. Be3 Na5 15.
Qe2 Nc6 16. Qc4 Na5 17. Qe2 1/2-1/2

[Event "FB23 1920 SK Freiburg-Zähringen - SV S"]
[Site "?"]
[Date "2019.09.14"]
[Round "1.3"]
[White "Klotz, Sonja"]
[Black "Thode, Gilda"]
[Result "0-1"]
[WhiteElo "1968"]
[BlackElo "1961"]
[PlyCount "160"]
[EventDate "2019.??.??"]

1. e4 e6 2. d4 d5 3. Nc3 Nc6 4. Nf3 Nf6 5. Bg5 Be7 6. Bxf6 Bxf6 7. Bb5 O-O 8.
Qd2 a6 9. Bxc6 bxc6 10. O-O Bb7 11. Rfe1 Rb8 12. Rab1 c5 13. exd5 Bxd5 14. Ne5
cxd4 15. Qxd4 Bxa2 16. Qxd8 Rfxd8 17. Nxa2 Bxe5 18. c3 a5 19. b4 Bf6 20. bxa5
Ra8 21. Rb5 Rd2 22. Ra1 c6 23. Rc5 Be7 24. Re5 Bd6 25. Ree1 Bc5 26. Rf1 Rxa5
27. Nb4 Rxa1 28. Rxa1 h6 29. Nxc6 Rxf2 30. Kh1 Rc2 31. g3 Rxc3 32. Ra8+ Kh7 33.
Ne5 Rc1+ 34. Kg2 Rg1+ 35. Kh3 f6 36. Nd7 Bd6 37. Ra6 Rd1 38. Ra7 Kg6 39. Kg2
Rd2+ 40. Kh3 h5 41. Ra6 h4 42. Nb6 hxg3 43. hxg3 Rd3 44. Nc4 Bxg3 45. Rxe6 Bf4+
46. Kg4 Rd4 47. Rc6 Bb8+ 48. Kf3 Rf4+ 49. Kg2 Kg5 50. Rc8 Rg4+ 51. Kf3 Rg3+ 52.
Kf2 Rb3 53. Rc5+ Kf4 54. Rd5 Ba7+ 55. Kg2 Rg3+ 56. Kh2 Rc3 57. Nd6 g6 58. Rd2
Be3 59. Rg2 g5 60. Ra2 Kf3 61. Nf5 Bf4+ 62. Kh3 g4+ 63. Kh4 Bg5+ 64. Kh5 Kf4
65. Nd4 Rh3+ 66. Kg6 g3 67. Ne6+ Kf3 68. Nxg5+ fxg5 69. Kxg5 g2 70. Ra3+ Ke4
71. Ra4+ Kf3 72. Ra3+ Kf2 73. Ra2+ Kg3 74. Ra1 Rh1 75. Ra3+ Kf2 76. Ra2+ Kf3
77. Ra3+ Ke4 78. Ra4+ Ke5 79. Ra5+ Kd6 80. Ra6+ Kc7 0-1

[Event "FB23 1920 SK Freiburg-Zähringen - SV S"]
[Site "?"]
[Date "2019.09.14"]
[Round "1.4"]
[White "Spiegelberg, Silvia"]
[Black "Froehlich, Franziska"]
[Result "1-0"]
[WhiteElo "1888"]
[BlackElo "1876"]
[PlyCount "107"]
[EventDate "2019.??.??"]

1. e4 e6 2. d4 d5 3. Nd2 Nf6 4. Bd3 c5 5. c3 Nc6 6. e5 Nd7 7. Ngf3 g6 8. O-O
Bg7 9. Re1 O-O 10. Nf1 f6 11. exf6 Qxf6 12. Bg5 Qf7 13. Be3 cxd4 14. cxd4 e5
15. Bc2 e4 16. Ng5 Qf6 17. Bb3 Nxd4 18. Bxd5+ Kh8 19. Nxe4 Qe5 20. Nc3 Nf5 21.
Bc5 Qxe1 22. Qxe1 Nxc5 23. Qd2 Be6 24. Bxe6 Nxe6 25. Ng3 Rad8 26. Qc2 Nfd4 27.
Qa4 a6 28. Nce4 Rd5 29. Re1 Nf4 30. Nc3 Rd6 31. Re8 Rd8 32. Rxf8+ Rxf8 33. f3
Nd3 34. Qd7 b5 35. Nce4 Nxb2 36. Ng5 Nc4 37. Qd5 h6 38. Ne6 Nxe6 39. Qxe6 Kh7
40. Qxa6 Rd8 41. Ne4 Rd1+ 42. Kf2 Rb1 43. Qa7 Rb2+ 44. Kg3 g5 45. Qf7 Kh8 46.
a4 Ne5 47. Qe8+ Kh7 48. axb5 Ng6 49. Qf7 h5 50. Nxg5+ Kh6 51. Ne6 Bh8 52. Qf5
Rxg2+ 53. Kh3 Re2 54. Qg5+ 1-0

[Event "FB23 1920 SK Freiburg-Zähringen - SV S"]
[Site "?"]
[Date "2019.09.14"]
[Round "1.5"]
[White "Kobald, Jacqueline"]
[Black "Tolstorukova, Amelie"]
[Result "1-0"]
[WhiteElo "1885"]
[BlackElo "1358"]
[PlyCount "65"]
[EventDate "2019.??.??"]

1. e4 e6 2. d4 d5 3. Nc3 c5 4. Nf3 Nc6 5. e5 Qb6 6. Be3 Nh6 7. Na4 Qa5+ 8. c3
cxd4 9. Bxd4 b5 10. Nc5 Nxd4 11. Qxd4 Nf5 12. Qb4 Qxb4 13. cxb4 Rb8 14. Bd3 g6
15. g4 Ng7 16. Nd4 Bd7 17. Ke2 Bxc5 18. bxc5 b4 19. c6 Bc8 20. Rac1 O-O 21. g5
Nh5 22. Ke3 Ng7 23. h4 h5 24. gxh6 Nf5+ 25. Bxf5 exf5 26. f4 Re8 27. Rcg1 Kh7
28. h5 gxh5 29. Rxh5 f6 30. Rg7+ Kh8 31. Nf3 Be6 32. Nh4 fxe5 33. Ng6# 1-0

[Event "FB23 1920 SC Bavaria Regensburg 1881 - "]
[Site "?"]
[Date "2019.09.15"]
[Round "2.1"]
[White "Mucha, Annegret"]
[Black "Leuchsenring, Christina"]
[Result "1/2-1/2"]
[WhiteElo "2036"]
[BlackElo "1926"]
[PlyCount "107"]
[EventDate "2019.??.??"]

1. e4 c5 2. Nc3 Nc6 3. Bb5 g6 4. f4 d6 5. Nf3 Bg7 6. O-O Bg4 7. h3 Bd7 8. d3
Nd4 9. Bxd7+ Qxd7 10. Nxd4 Bxd4+ 11. Kh1 Bg7 12. f5 Nf6 13. Qe1 O-O 14. Qh4
Rae8 15. g4 b5 16. Ne2 Qb7 17. Ng3 d5 18. Re1 Nd7 19. g5 Qc6 20. exd5 Qxd5+ 21.
Qe4 Qxe4+ 22. Rxe4 Be5 23. Bf4 f6 24. gxf6 exf6 25. Bxe5 Rxe5 26. Rxe5 Nxe5 27.
fxg6 hxg6 28. Ne4 Nd7 29. Kg2 Kg7 30. Nd6 a6 31. Re1 Ne5 32. Ne4 Rc8 33. Kg3
Rc6 34. Re2 Nd7 35. Nc3 Kf7 36. Nd5 Re6 37. Rxe6 Kxe6 38. Nc7+ Kd6 39. Ne8+ Ke5
40. c3 Kd5 41. Kf4 Kc6 42. Ke3 a5 43. d4 cxd4+ 44. Kxd4 f5 45. b3 b4 46. cxb4
axb4 47. h4 Nc5 48. Nf6 Ne6+ 49. Ke5 Nc7 50. Kd4 Nb5+ 51. Kc4 Nc3 52. Kxb4
Nxa2+ 53. Kc4 Kd6 54. Nd5 {(=)} 1/2-1/2

[Event "FB23 1920 SC Bavaria Regensburg 1881 - "]
[Site "?"]
[Date "2019.09.15"]
[Round "2.2"]
[White "Horther-Schneider, Elsbeth"]
[Black "Skibbe, Diana"]
[Result "0-1"]
[WhiteElo "1836"]
[BlackElo "1986"]
[PlyCount "48"]
[EventDate "2019.??.??"]

1. e4 e5 2. Nf3 Nf6 3. Nc3 Nc6 4. Bc4 Nxe4 5. Bxf7+ Kxf7 6. Nxe4 Be7 7. d3 h6
8. c3 d5 9. Ng3 Rf8 10. Qe2 Bd6 11. Bd2 Kg8 12. O-O-O Bg4 13. h3 Bxf3 14. gxf3
Qf6 15. f4 exf4 16. Nh5 Qf5 17. Nxg7 Kxg7 18. f3 Kh7 19. d4 Rae8 20. Qf2 Rg8
21. h4 Na5 22. Rhg1 Nc4 23. Rxg8 Rxg8 24. Re1 Ne3 {Weiß gab auf} 0-1

[Event "FB23 1920 SC Bavaria Regensburg 1881 - "]
[Site "?"]
[Date "2019.09.15"]
[Round "2.3"]
[White "Schott, Maria"]
[Black "Hausmann, Sarah"]
[Result "1/2-1/2"]
[WhiteElo "1851"]
[BlackElo "1638"]
[PlyCount "25"]
[EventDate "2019.??.??"]

1. Nf3 e6 2. c4 f5 3. g3 Nf6 4. Bg2 Be7 5. O-O O-O 6. d4 d6 7. Nc3 Qe8 8. Re1
Ne4 9. Qc2 Qg6 10. Bf4 Nc6 11. c5 Nf6 12. cxd6 Bxd6 13. Bxd6 {(=)} 1/2-1/2

[Event "FB23 1920 SC Bavaria Regensburg 1881 - "]
[Site "?"]
[Date "2019.09.15"]
[Round "2.4"]
[White "Pavlov, Liliane"]
[Black "Wagner, Margarethe"]
[Result "1/2-1/2"]
[WhiteElo "1629"]
[BlackElo "1749"]
[PlyCount "92"]
[EventDate "2019.??.??"]

1. d4 Nf6 2. c4 g6 3. Nf3 Bg7 4. g3 d6 5. Bg2 Nbd7 6. O-O O-O 7. Nc3 Re8 8. Re1
c6 9. Qc2 Qc7 10. b3 Rb8 11. Bb2 a6 12. Rac1 e5 13. e3 b6 14. Qd2 h6 15. e4 Nf8
16. c5 exd4 17. cxb6 Qxb6 18. Na4 Qc7 19. Nxd4 c5 20. e5 dxe5 21. Nc6 Rb5 22.
Bxe5 Qd7 23. Qb2 Qf5 24. Nxc5 Ne6 25. Nxe6 Bxe6 26. Nd4 Qxe5 27. Rxe5 Rxe5 28.
Nxe6 R5xe6 29. Qa3 Ng4 30. Bh3 h5 31. Qb4 Re4 32. Qa5 Bd4 33. Bxg4 hxg4 34.
Qxa6 Re2 35. Rf1 Rd2 36. Qb5 Ree2 37. Qb8+ Kg7 38. Qf4 Be3 39. Qe5+ Kg8 40.
Qe8+ Kg7 41. Qe5+ Kg8 42. Qxe3 Rxe3 43. fxe3 Rxa2 44. Rf2 Ra1+ 45. Rf1 Ra2 46.
Rf2 Ra1+ {(=)} 1/2-1/2

[Event "FB23 1920 SC Bavaria Regensburg 1881 - "]
[Site "?"]
[Date "2019.09.15"]
[Round "2.5"]
[White "Jacke, Corinna"]
[Black "Oberhofer, Marie"]
[Result "0-1"]
[WhiteElo "1961"]
[BlackElo "1686"]
[PlyCount "40"]
[EventDate "2019.??.??"]

1. e4 c5 2. Nf3 d6 3. d4 cxd4 4. Nxd4 Nf6 5. Nc3 g6 6. f3 Bg7 7. Be3 O-O 8. Qd2
Nc6 9. O-O-O d5 10. Nxd5 Nxd5 11. Nxc6 bxc6 12. exd5 cxd5 13. Qxd5 Qc7 14. Qc5
Qb7 15. Bd4 Bf5 16. Qb5 Qc7 17. Qa4 Rfc8 18. Bd3 Bd7 19. Qb4 Qf4+ 20. Kb1 Rab8
{Weiß gab auf} 0-1

[Event "FB23 1920 FC Bayern München - Kissches"]
[Site "?"]
[Date "2019.09.15"]
[Round "2.1"]
[White "Sukandar, Irine Kharisma"]
[Black "Khrapko, Marharyta"]
[Result "1-0"]
[WhiteElo "2397"]
[BlackElo "2060"]
[PlyCount "119"]
[EventDate "2019.??.??"]

1. e4 c5 2. Nf3 Nc6 3. d4 cxd4 4. Nxd4 Nf6 5. Nc3 e6 6. Ndb5 Bb4 7. a3 Bxc3+ 8.
Nxc3 d5 9. exd5 exd5 10. Bd3 O-O 11. O-O d4 12. Ne4 Bf5 13. Bg5 Bxe4 14. Bxe4
h6 15. Bh4 g5 16. Bxc6 bxc6 17. Bg3 Qd5 18. Qd3 Rfe8 19. Rad1 Rad8 20. Rfe1 Ne4
21. f3 Nxg3 22. hxg3 a5 23. a4 Re5 24. g4 Rde8 25. Rxe5 Rxe5 26. Kf2 Qe6 27. b3
c5 28. Qc4 Qe7 29. Rd2 Re3 30. Re2 Qe5 31. Kf1 Qh2 32. Rxe3 Qh1+ 33. Kf2 dxe3+
34. Kxe3 Qxg2 35. Qe4 Qg1+ 36. Kd3 Qf1+ 37. Qe2 Qa1 38. c3 Qb1+ 39. Kc4 Kf8 40.
Qd3 Qg1 41. Kb5 Qg3 42. Qd5 Kg8 43. Kxa5 c4 44. bxc4 Qe1 45. Qd8+ Kg7 46. Qd4+
f6 47. c5 Qe6 48. Kb4 Qc6 49. Qe4 Qc7 50. a5 Qb8+ 51. Kc4 Qa7 52. Kb5 Qb8+ 53.
Ka6 Kf8 54. Qc6 Kg8 55. Qd5+ Kh8 56. Qb7 Qf4 57. c6 Qc4+ 58. Ka7 Qc5+ 59. Kb8
Qxa5 60. Qc8+ {Schwarz gab auf} 1-0